000 00298 a2200157 4500
001 173987
020 _a
040 _cMagnum
100 _aSarmento, Luiza
240 1 0 _aVo ita catita
_lpor
245 1 0 _aVo ita catita
362 0 _a1899
440 1 _aRHJ
697 _aI/GERAL
942 _cBK
999 _c173987
_d173987